| 000 | 00399nam a2200181Ia 4500 | ||
|---|---|---|---|
| 003 | STCL | ||
| 008 | 181203s9999 xx 000 0 und d | ||
| 020 | _a9788126451388 | ||
| 040 |
_aSTCL _bEN _cSTCL |
||
| 082 | _222 | ||
| 100 | _aMeera, K.R. | ||
| 245 | 0 | _aകഥകൾ | |
| 246 | _aKathakal | ||
| 260 |
_bD C Books _aKottayam _c2015 |
||
| 300 | _a270 | ||
| 546 | _aMalayalam | ||
| 942 |
_2ddc _cBK |
||
| 999 |
_c85743 _d85743 |
||